| 000 | 01591naa a2200229 i 4500 | ||
|---|---|---|---|
| 001 | 1587 | ||
| 003 | KOSZ 005 | ||
| 005 | 20180126130749.0 | ||
| 008 | 150528s2001 pl f |100 0 pol | ||
| 040 |
_cBPK _dKOSZ 005/EG |
||
| 080 | _a352/353.071 | ||
| 100 | 1 |
_aKRAUZE, Tomasz. _d1998 - . _bPolitechnika Koszalińska - Wydział Ekonomii i Zarządzania, _cKatedra Polityki Społeczno-Gospodarczej i Ekonomiki Regionalnej |
|
| 245 | 1 | 0 |
_aNowy podział administracyjny Polski a zarządzanie rozwojem regionalnym w krajach Unii Europejskiej / _cAgnieszka Korneluk, Tomasz Krauze. |
| 500 | _aDane z autopsji. | ||
| 520 | _aW artykule dowodzi się, że zasadniczo podział administracyjny i struktura zarządzania państwem w krajach UE nie wywiera bezpośredniego wpływu na kształt i efektywność polityki regionalnej. Znaczący wpływ ma natomiast skuteczność działań władz centralnych i lokalnych, wynikająca z właściwego pojmowania prawidłowości rozwoju lokalnego oraz wspólnie wypracowanych programów strukturalnych. | ||
| 650 | 0 | _aRegiony (adm.). | |
| 650 | 0 | _aPolityka regionalna. | |
| 655 | 0 | _aMateriały konferencyjne. | |
| 711 | 2 | 2 |
_aKonferencja Naukowa nt. Integracja i rozwój Pomorza Środkowego _d(2001 ; _cKoszalin, Polska). |
| 773 | 0 |
_iW : _tIntegracja i rozwój Pomorza Środkowego : materiały na konferencję naukową, Koszalin 19 luty 2001 / [red. Andrzej Suszyński, Stanisław Bartoszewski, Leszek Brożek]. - _dKoszalin : Wydaw. Wydziału Ekonomii i Zarządzania Politechniki Koszalińskiej, 2001. - _gs. 203-217 |
|
| 942 |
_cROZ _2UKD |
||
| 999 |
_c1587 _d1587 |
||